00281nam a22001097a 4500008004100000020001500041082002000056100001600076245003400092260003200126300001300158230704b xxu||||| |||| 00| 0 eng d a185521279X a361.6bBOC 1992 cH.M. Bochel aParliament and Welfare Policy bDarthmouth Publishingc1992 aVII,155p